El ajuste por inflación en 2019 (Registro nro. 12495)

Detalles MARC
000 -LEADER
fixed length control field 00325 a2200121 4500
001 - CONTROL NUMBER
control field ART_50049
005 - DATE AND TIME OF LATEST TRANSACTION
control field 20260410161631.0
008 - FIXED-LENGTH DATA ELEMENTS--GENERAL INFORMATION
fixed length control field 260409a
100 1# - MAIN ENTRY--PERSONAL NAME
Personal name Díaz, Teresa
245 10 - TITLE STATEMENT
Title El ajuste por inflación en 2019
700 1# - ADDED ENTRY--PERSONAL NAME
Personal name Pozzi, Nélida B.
773 0# - HOST ITEM ENTRY
Title Enfoques
Related parts - N°9 (sep. 2019)
Record control number REV416

No hay ítems disponibles.